| 000 | 00325nam a22001217a 4500 | ||
|---|---|---|---|
| 008 | 160521b xxu||||| |||| 00| 0 eng d | ||
| 020 | _a9781111736446 | ||
| 020 | _a1111736448 | ||
| 041 | _aeng | ||
| 080 | _a579 | ||
| 245 |
_aBasic ideas of biology: _cCecie Starr; Ralph Taggart; Christine Evers; Lisa Starr; |
||
| 942 |
_2udc _cBK |
||
| 999 |
_c2358 _d2358 |
||